La vida militar en Rusia / (Record no. 160663)

MARC details
000 -LEADER
campo de control de longitud fija 00765nam a2200217 i 4500
001 - NÚMERO DE CONTROL
campo de control 160663
003 - IDENTIFICADOR DE NÚMERO DE CONTROL
campo de control ES-MaACL
005 - FECHA Y HORA DE LA ÚLTIMA TRANSACCIÓN
campo de control 20230906212111.0
008 - DATOS DE LONGITUD FIJA--INFORMACIÓN GENERAL
campo de control de longitud fija 010516s1904 sp |||| | spa d
100 1# - ENTRADA PRINCIPAL--NOMBRE DE PERSONA
Nombre de persona Nikolich.
9 (RLIN) 168937
245 13 - MENCIÓN DEL TÍTULO
Título La vida militar en Rusia /
Mención de responsabilidad, etc. por Nicolitch ; traducción de Painvin.
260 ## - PUBLICACIÓN, DISTRIBUCIÓN, ETC.
Lugar de publicación, distribución, etc. Barcelona :
Nombre del editor, distribuidor, etc. Revista Científico Militar y Biblioteca Militar,
Fecha de publicación, distribución, etc. 1904 (
Fabricante Castillo)
300 ## - DESCRIPCIÓN FÍSICA
Extensión 260 p. ;
Dimensiones 17 cm.
490 1# - MENCIÓN DE SERIE
Mención de serie Publicaciones de la Revista Científica Militar
651 #4 - PUNTO DE ACCESO ADICIONAL DE MATERIA--NOMBRE GEOGRÁFICO
Nombre geográfico Rusia-
Subdivisión general Historia militar.
9 (RLIN) 168936
700 1# - ENTRADA AGREGADA--NOMBRE PERSONAL
Nombre de persona Painvin.
9 (RLIN) 130778
752 ## - ENTRADA AGREGADA--NOMBRE JERÁRQUICO DEL LUGAR
País o entidad superior España -
Ciudad Barcelona
830 0# - PUNTO DE ACCESO ADICIONAL DE SERIE-TÍTULO UNIFORME
Título uniforme Publicaciones de la Revista Científica Militar
9 (RLIN) 222063
852 ## - LOCALIZACIÓN
Ubicación ES-MaACL
Número de control de estantería G-9909
Nota libre - Enc. hol.
Holdings
Estatus retirado Estado de pérdida Estado de daño No para préstamo Biblioteca de origen Biblioteca actual Ubicación en estantería Fecha de adquisición Fuente de adquisición Total de préstamos Signatura topográfica completa Código de barras Visto por última vez Precio de reemplazo Tipo de ítem Koha
        Biblioteca del Ateneo de Madrid Biblioteca del Ateneo de Madrid Sala Pecera Planta 3 17/01/2008     G-9909 1168224 23/02/2023 23/02/2023 Libro impreso